Logo CIB grande

Design Thinking For Visual Communication (Registro nro. 237404)

Detalles MARC
000 -LEADER
campo de control de longitud fija 00708nam a2200241Ia 4500
005 - FECHA Y HORA DE LA ÚLTIMA TRANSACCIÓN
campo de control 20250425162832.0
008 - DATOS DE LONGITUD FIJA--INFORMACIÓN GENERAL
campo de control de longitud fija 250425s9999 xx 000 0 und d
020 ## - NÚMERO INTERNACIONAL ESTÁNDAR DEL LIBRO
Número Internacional Estándar del Libro 9781472572714
041 ## - CÓDIGO DE IDIOMA
--
Código de lengua original spa
082 ## - NÚMERO DE LA CLASIFICACIÓN DECIMAL DEWEY
Número de clasificación 745.6
Iniciales del Autor AMB
010 ## - NÚMERO DE CONTROL DE LA BIBLIOTECA DEL CONGRESO
Número de control de LC 111372
100 ## - ENTRADA PRINCIPAL--NOMBRE DE PERSONA
Nombre de persona Ambrose, Gavin
245 #0 - MENCIÓN DEL TÍTULO
Título Design Thinking For Visual Communication
Mención de responsabilidad, etc. Gavin Ambrose; Paul Harris
250 ## - MENCION DE EDICION
Mención de edición Segunda Edición
260 ## - PUBLICACIÓN, DISTRIBUCIÓN, ETC.
Lugar de publicación, distribución, etc. New York
Nombre del editor, distribuidor, etc. Bloomsbury Publishing Plc
Fecha de publicación, distribución, etc. 2015
300 ## - DESCRIPCIÓN FÍSICA
Extensión 192 Páginas
Otras características físicas Ilustrado
Dimensiones 23 cm
500 ## - NOTA GENERAL
Nota general Tabla de Contenido - Glosario - Indice
650 ## - PUNTO DE ACCESO ADICIONAL DE MATERIA--TÉRMINO DE MATERIA
Término de materia o nombre geográfico como elemento de entrada Diseño de Pensamiento
650 ## - PUNTO DE ACCESO ADICIONAL DE MATERIA--TÉRMINO DE MATERIA
Término de materia o nombre geográfico como elemento de entrada Implementación
700 ## - ENTRADA AGREGADA--NOMBRE PERSONAL
Nombre de persona Harris, Paul
902 ## - ELEMENTOS DE DATOS B LOCAL, LDB (RLIN)
a Monográfico - Impreso
942 ## - ELEMENTOS DE ENTRADA SECUNDARIOS (KOHA)
Tipo de ítem Koha Libros
Existencias
Estatus retirado Estado de pérdida Fuente de la clasificación o esquema de estantería Estado de daño No para préstamo Biblioteca de origen Biblioteca actual Fecha de adquisición Coste, precio normal de compra Etiqueta RFID Total de préstamos Signatura topográfica completa Código de barras Copia número Tipo de ítem Koha Nota pública
    Clasificación Decimal Dewey     CENTRO DE INFORMACIÓN BIBLIOTECARIA CENTRO DE INFORMACIÓN BIBLIOTECARIA 21/10/2021 140.00 0000000000000000037440   745.6 AMB 46380 1 Libros Compra

Copyright 2025 ESPOL. Todos los derechos reservados.